000 01007nam a2200277Ia 4500
001 ebr2001750
003 CaPaEBR
006 m u
007 cr cn|||||||||
008 030215s2001 enk s 000 1 eng d
020 _z1901843165
040 _aCaPaEBR
_cCaPaEBR
035 _a(OCoLC)70739897
050 1 4 _aPR4349.B7
_bE6 2001eb
100 1 _aButler, Samuel,
_d1835-1902.
245 1 0 _aErewhon
_h[electronic resource] /
_cSamuel Butler.
260 _aLondon :
_bElectric Book Co.,
_cc2001.
300 _a284 p.
533 _aElectronic reproduction.
_bPalo Alto, Calif. :
_cebrary,
_d2009.
_nAvailable via World Wide Web.
_nAccess may be limited to ebrary affiliated libraries.
600 1 0 _aButler, Samuel,
_d1835-1902.
650 0 _aUtopias.
650 0 _aScience fiction, English.
655 7 _aElectronic books.
_2local
710 2 _aebrary, Inc.
856 4 0 _uhttp://site.ebrary.com/lib/rucke/Doc?id=2001750
_zAn electronic book accessible through the World Wide Web; click to view
999 _c230229
_d230229